| 000 | 00999cam a2200277 a 4500 | ||
|---|---|---|---|
| 001 | 000003967 | ||
| 005 | 20200929150638.0 | ||
| 008 | 800627s1985 ag b 001 0 spa | ||
| 020 | _z0804424844 | ||
| 020 | _a0804468915 (pbk.) | ||
| 020 | _a950909806X | ||
| 040 |
_aDO-SdBNP _cDLC _dDLC |
||
| 041 | 1 | 7 |
_aspa _heng _2Código de idioma MARC |
| 082 |
_a813.54 _bB181JzS |
||
| 100 | 1 |
_aSilvander, Carolyn Wedin, _d1939- _911909 |
|
| 245 | 1 | 0 |
_aJames Baldwin : _bpasión y esplendor de un novelista negro / _cCarolyn Wedin Silvander ; traducción, Silvestre Luque. |
| 260 |
_aBuenos Aires : _bAragón, _c1985. |
||
| 300 |
_a222 p. ; _c20 cm. |
||
| 534 | _aTítulo original: James Baldwin. | ||
| 600 | 1 | 4 |
_aBALDWIN, JAMES _d1924-1987 _xCRÍTICA E INTERPRETACIÓN _911910 |
| 650 | 4 |
_aLiteratura estadounidense _9263 |
|
| 650 | 4 |
_aAfroamericanos en la literatura _911911 |
|
| 650 | 4 |
_aRacismo en la literatura _911912 |
|
| 700 | 1 |
_aLuque, Silvestre, _etr. _911624 |
|
| 910 | _aCatalogación por copia / LC | ||
| 999 |
_c3786 _d3786 |
||